000 02391 a2200253 4500
999 _c11171
_d11171
020 _a9780763752255 (pbk.)
050 0 0 _aRT4
_bISS 2009
245 0 0 _aIssues and trends in nursing:
_bessential knowledge for today and tomorrow/
_cedited by Gayle Roux, Judith A. Halstead.
264 _aBoston:
_bJones and Bartlett,
_c2009
300 _axiv, 607pages:
_billustrations (some coloured)
336 _2rdacontent
_atext
_btxt
337 _2rdamedia
_aunmediated
_bn
338 _2rdacarrier
_avolume
_bnc
504 _aIncludes bibliographical references and index.
505 0 _aHistory of nursing / Karen J. Egenes -- Nursing education : past, present, future / Martha Scheckel -- Understanding the NCLEX-RN / Lillia Loriz and Lucy B. Trice -- Nursing licensure and certification / Wendy Stoelting-Gettelfinger -- Professional nursing organizations / Karen Peddicord -- Interprofessional issues : collaboration and collegiality / Pamela B. Koob -- The global nursing workforce / Mary E. Riner -- The culture of safety / Patricia Ebright -- Performance outcomes in healthcare / Beverly S. Farmer -- Healthcare delivery / Patricia Gail Colo Braun and Beverly A. Mendes -- Evidence-based nursing practice / Mary Reid Nichols and Nena R. Harris -- Emergency planning and response / Kristi L. Lewis -- Addressing primary prevention and education in vulnerable populations / Diane Baer Wilson and Lisa S. Anderson -- Cultural diversity and care / Joan C. Engebretson and Judith A. Headley -- Ethical decision making and moral choices / Kevin Valadares -- Legal issues in nursing / Eileen K. Fry-Bowers -- Policy and political activism / Joanne R. Warner and Sharon Kimball -- Urban healthcare issues / Nena R. Harris and Mary R. Nichols -- Nursing and rural healthcare issues / Wanda Bonnel ... [et al.] -- Informatics and healthcare technology / Elizabeth M. LaRue ... [et al.] -- The transition into nursing practice / Ellen Wathen -- The future of nursing in health care / Pamela B. Koob and Monique Ridosh.
650 0 _aNursing
650 1 2 _aNursing
_xtrends.
650 2 2 _aNursing Care
_xtrends.
700 1 _aRoux, Gayle M.
700 1 _aHalstead, Judith A.
856 4 1 _3Table of contents only
_uhttp://www.loc.gov/catdir/toc/ecip0821/2008027304.html
942 _2lcc
_cBK
_h4
_iISS
_kRT